000 00718nam a2200241 i 4500
003 DO-SdBNP
005 20231030100052.0
006 a||||er|||| 00| 0
007 ta
008 231030e1976 |||a|||| |||| 00| 0 spa d
040 _aDO-SdBNP
_bspa
_cBNPHU
_erda
082 4 _222
_bI59a
110 2 _aInstituto Nacional de Educación Sexual
_92373
_eautor
245 1 3 _aEl aborto y la anticoncepción. /
264 1 _a[sin lugar] :
_bInes,
_c1976
300 _a51 páginas :
_bIlustraciones ;
_c21 cm.
336 _2rdacontent
_atexto
_btxt
337 _2ramedia
_asin mediación
_bn
338 _2rdamedia
_asin mediación
_bnc
490 _aFolleto Popular ;
_v5
590 _aInventariado 2023 / MF
942 _2ddc
_cLBS1
999 _c55326
_d55326